00711nac a22001931u 4500010001600000082001800016090001500034100003400049245009300083260003600176300003100212500004500243500001500288500004100303650002700344942002000371999001500391952011100406 a 7315822200a620.112bK573 c3500d3500 aKinasoshvili, R. S. 10aStrength of materialsc[by] R. Kinasoshvili, translated from the Russian by M. Konyaeva. aMoscow,bMir Publishers,c1972. a360 p. with illus.c22 cm. aTranslation of Soprotivlenie materialov. aDonations. aDonations - Bibliotheca Alexandrina. 0aStrength of materials. cBBk620.112K573 c3500d3500 00102ddc4070aMAINbMAINc1STd2007-04-22ePurchasel0o620.112 KINp000030335r2025-07-15 00:00:00yBB